[Event "Oberbayerische EM Rosenheim"]
[Site "?"]
[Date "2022.07.02"]
[Round "2.12"]
[White "Mayr, Günter"]
[Black "Maillinger, Michael"]
[Result "1/2-1/2"]
[WhiteElo "1861"]
[BlackElo "1704"]
[PlyCount "63"]
[EventDate "2022.07.02"]
[SourceVersionDate "2022.07.04"]

1. e4 c5 2. Nf3 d6 3. d4 cxd4 4. Qxd4 Nc6 5. Qe3 Nf6 6. h3 e6 7. Nc3 d5 8. exd5
Nxd5 9. Nxd5 Qxd5 10. a3 Bc5 11. Qd3 Nd4 12. Nxd4 Qxd4 13. Qxd4 Bxd4 14. Bb5+
Bd7 15. Bxd7+ Kxd7 16. O-O Rhd8 17. Rd1 Ke7 18. c3 Bxf2+ 19. Kxf2 Rxd1 20. Bg5+
f6 21. Bxf6+ gxf6 22. Rxd1 e5 23. Kf3 Ke6 24. g4 Rg8 25. c4 h5 26. b4 hxg4+ 27.
hxg4 Rh8 28. Kg3 Rg8 29. Kf3 Rh8 30. Kg3 Rg8 31. Kf3 Rh8 32. Kg3 1/2-1/2

[Event "Oberbayerische EM Rosenheim"]
[Site "?"]
[Date "2022.07.02"]
[Round "3.1"]
[White "Niedermeier, Thomas"]
[Black "Frese, Daniel"]
[Result "1-0"]
[WhiteElo "2134"]
[BlackElo "2011"]
[PlyCount "109"]
[EventDate "2022.07.02"]
[SourceVersionDate "2022.07.04"]

1. e4 e6 2. d4 d5 3. Nc3 Nf6 4. Bg5 Bb4 5. e5 h6 6. Bd2 Bxc3 7. bxc3 Ne4 8. Qg4
g6 9. Bc1 c5 10. Bd3 Nxc3 11. dxc5 Qa5 12. Bd2 Qa4 13. h3 Qxg4 14. hxg4 Ne4 15.
Bxe4 dxe4 16. Rb1 Nd7 17. Be3 b6 18. c6 Nxe5 19. Bd4 f6 20. g5 Ng4 21. f3 e5
22. Bb2 exf3 23. gxf3 Ne3 24. gxh6 Bf5 25. Ne2 g5 26. Kf2 Nc4 27. Ng3 Bg6 28.
Bc3 {Remisangebot} Rc8 29. a4 Rxc6 30. a5 Nd6 31. axb6 axb6 32. Rb3 Bxc2 33.
Ra3 Kd7 34. Ra7+ Rc7 35. Rxc7+ Kxc7 36. Bb4 Nc4 37. Be7 Bh7 38. Bxf6 Ra8 39.
Ne4 Ra2+ 40. Kg3 Ne3 41. Bxe5+ Kb7 42. Nxg5 Nf5+ 43. Kf4 Ra4+ 44. Ne4 Rc4 45.
Kg5 Rc8 46. Nf6 Nxh6 47. Rxh6 Bd3 48. f4 Rc1 49. Ne8 Rg1+ 50. Kf6 b5 51. Rh3
Bc2 52. Rc3 Rg2 53. Nd6+ Kb6 54. Rc8 b4 55. Bd4+ 1-0

[Event "Oberbayerische EM Rosenheim"]
[Site "?"]
[Date "2022.07.02"]
[Round "3.2"]
[White "Bergerhoff, Andreas"]
[Black "Kobl, Rudolf"]
[Result "0-1"]
[WhiteElo "2002"]
[BlackElo "2127"]
[PlyCount "56"]
[EventDate "2022.07.02"]
[SourceVersionDate "2022.07.04"]

{[%evp 0,56,19,28,40,33,39,17,30,30,49,16,3,-2,21,28,18,-10,-11,-19,38,6,64,
-17,-32,-151,-151,-151,-139,-159,-172,-169,-156,-151,-123,-151,-151,-182,-197,
-200,-205,-187,-198,-216,-229,-253,-239,-251,-270,-297,-301,-320,-265,-565,
-602,-582,-557,-566,-510]} 1. e4 c5 2. Be2 Nc6 3. d3 g6 4. Nc3 Bg7 5. f4 d6 6.
Nf3 e6 7. O-O Nge7 8. Qe1 O-O 9. Qh4 f5 10. Be3 Nd4 11. Bd1 b6 12. Ne2 Nxf3+
13. Rxf3 Bxb2 14. Rh3 Rf7 15. Rb1 Bf6 16. Qf2 Nc6 17. exf5 exf5 18. d4 Be6 19.
a3 Na5 20. c3 Bd5 21. Bc2 Qd7 22. Rd1 Qc6 23. Bc1 Re8 24. dxc5 dxc5 25. Re3
Rfe7 26. Ba4 Qxa4 27. Rxd5 Rxe3 28. Bxe3 Qe4 0-1

[Event "Oberbayerische EM Rosenheim"]
[Site "?"]
[Date "2022.07.02"]
[Round "3.3"]
[White "Straub, Jürgen"]
[Black "Zeindlmeier, Thomas"]
[Result "1-0"]
[WhiteElo "2100"]
[BlackElo "1946"]
[PlyCount "89"]
[EventDate "2022.07.02"]
[SourceVersionDate "2022.07.04"]

{[%evp 0,89,19,31,19,23,28,9,29,29,24,21,26,26,24,43,41,5,37,-14,35,28,22,20,
39,35,42,7,14,12,24,15,21,18,14,3,28,28,32,27,32,28,31,25,83,60,123,127,76,91,
90,103,103,4,73,81,81,33,40,44,54,60,57,70,123,125,136,129,126,130,136,94,92,
109,112,91,97,99,101,48,58,28,48,67,67,74,71,93,175,218,232,246]} 1. d4 d5 2.
Nf3 Nf6 3. e3 c6 4. Bd3 Bg4 5. Nbd2 e6 6. O-O Be7 7. c3 Nbd7 8. Qc2 Qc7 9. c4
Rc8 10. b3 O-O 11. Bb2 Bh5 12. Rac1 Bg6 13. e4 dxe4 14. Nxe4 Nxe4 15. Bxe4 Bxe4
16. Qxe4 Nf6 17. Qe2 Bb4 18. Rfd1 Qf4 19. Rd3 Qg4 20. h3 Qh5 21. Re3 Be7 22.
Re5 Qg6 23. Nh4 Qh6 24. Nf5 exf5 25. Rxe7 Rfe8 26. d5 Ne4 27. Rxe8+ Rxe8 28.
dxc6 Qxc6 29. Qd3 f6 30. Rd1 Kf7 31. Ba3 Re6 32. Qd7+ Kg8 33. Qxc6 Rxc6 34.
Rd8+ Kf7 35. f3 Ng5 36. Rd7+ Kg6 37. Rxb7 Ra6 38. Bc5 Ne6 39. b4 Rxa2 40. Bxa7
Nf4 41. c5 Rxg2+ 42. Kf1 Rc2 43. b5 Ne6 44. c6 Nd8 45. Rc7 1-0

[Event "Oberbayerische EM Rosenheim"]
[Site "?"]
[Date "2022.07.02"]
[Round "3.4"]
[White "Koppen, Harald"]
[Black "Donegani, Peter"]
[Result "1/2-1/2"]
[WhiteElo "2017"]
[BlackElo "1969"]
[PlyCount "26"]
[EventDate "2022.07.02"]
[SourceVersionDate "2022.07.04"]

1. e4 Nf6 2. e5 Nd5 3. Nc3 Nxc3 4. dxc3 d6 5. f4 g6 6. Bc4 e6 7. Qe2 d5 8. Bd3
c5 9. c4 Nc6 10. Nf3 Be7 11. Bd2 Qb6 12. O-O-O Bd7 13. Be1 O-O-O 1/2-1/2

[Event "Oberbayerische EM Rosenheim"]
[Site "?"]
[Date "2022.07.02"]
[Round "3.5"]
[White "Stichter, Constantin Paul"]
[Black "Höller, Armin"]
[Result "1/2-1/2"]
[WhiteElo "1846"]
[BlackElo "2083"]
[PlyCount "58"]
[EventDate "2022.07.02"]
[SourceVersionDate "2022.07.04"]

{[%evp 0,58,27,38,30,5,5,21,18,-28,-19,-67,-60,-17,-29,-29,36,-32,-26,-38,-45,
-34,-13,-35,-18,-26,-12,-9,35,25,116,103,105,108,113,95,117,118,131,121,131,81,
87,63,67,69,79,79,82,82,109,84,84,54,66,61,61,58,170,96,96]} 1. e4 e5 2. Nf3
Nc6 3. d4 exd4 4. Bc4 Nf6 5. e5 d5 6. Bb5 Ne4 7. Nxd4 Bc5 8. O-O Bd7 9. Bxc6
bxc6 10. Be3 O-O 11. f3 Ng5 12. f4 Ne4 13. Nd2 Bxd4 14. Bxd4 c5 15. Nxe4 cxd4
16. Nc5 Bf5 17. Rf2 Qe7 18. Qxd4 c6 19. c3 a5 20. b4 axb4 21. cxb4 Ra3 22. Rd1
Rb8 23. Rb2 Rb5 24. Qf2 h5 25. Qd2 Qa7 26. Kh1 h4 27. Re1 h3 28. gxh3 Rxc5 29.
bxc5 Qxc5 1/2-1/2

[Event "Oberbayerische EM Rosenheim"]
[Site "?"]
[Date "2022.07.02"]
[Round "3.6"]
[White "Kassner, Sascha"]
[Black "Stocker, Rupert"]
[Result "1-0"]
[WhiteElo "1919"]
[BlackElo "2024"]
[PlyCount "73"]
[EventDate "2022.07.02"]
[SourceVersionDate "2022.07.04"]

1. g4 c5 2. h3 Nc6 3. e4 g6 4. Nc3 Bg7 5. f4 e6 6. Nf3 Nge7 7. Bg2 d6 8. O-O
O-O 9. a3 Rb8 10. Ne2 f5 11. d3 b5 12. Rb1 a5 13. Qe1 b4 14. Be3 Qb6 15. Nd2
Qc7 16. Nf3 Bd7 17. Qh4 Qb6 18. axb4 axb4 19. Qf2 b3 20. c3 Qa6 21. Rfd1 e5 22.
Ra1 Qc8 23. gxf5 gxf5 24. Qg3 Rf6 25. h4 Rg6 26. Ng5 h6 27. h5 Rf6 28. Nh3 c4
29. Nf2 cxd3 30. Rxd3 exf4 31. Bxf4 Ne5 32. Rxd6 Rxd6 33. Bxe5 Rg6 34. hxg6 f4
35. Bxf4 Rb6 36. Bd6 Qe8 37. e5 1-0

[Event "Oberbayerische EM Rosenheim"]
[Site "?"]
[Date "2022.07.02"]
[Round "3.7"]
[White "Sperber, Ulrich"]
[Black "Sandner, Michael"]
[Result "0-1"]
[WhiteElo "1874"]
[BlackElo "2003"]
[PlyCount "60"]
[EventDate "2022.07.02"]
[SourceVersionDate "2022.07.04"]

{[%evp 0,60,19,31,41,23,28,7,7,-9,1,-10,14,14,30,26,26,24,24,24,27,22,23,34,30,
33,24,2,10,9,32,-2,-38,-54,-20,-20,-10,-35,-42,-34,-38,-48,-34,-39,-40,-174,
-73,-296,-296,-286,-294,-330,-301,-301,-186,-580,-663,-2259,-29980,-29981,
-29982,-29985,-29986]} 1. e4 e6 2. d4 d5 3. Nd2 Nf6 4. e5 Nfd7 5. c3 c5 6. Bd3
Nc6 7. Ne2 cxd4 8. cxd4 f6 9. exf6 Nxf6 10. O-O Bd6 11. Nf3 Qc7 12. Bg5 O-O 13.
Rc1 Bd7 14. Bh4 Nh5 15. Bg3 Nxg3 16. Nxg3 Bf4 17. Rc3 g6 18. Re1 Rf6 19. Bb1
Raf8 20. Qd3 Be8 21. Ne2 Bd6 22. Ng3 Qg7 23. Rcc1 Rxf3 24. gxf3 Nxd4 25. Rxe6
Bb5 26. Qd1 Bxg3 27. Re7 Qh6 28. h3 Qxh3 29. Rg7+ Kh8 30. Rxh7+ Kxh7 0-1

[Event "Oberbayerische EM Rosenheim"]
[Site "?"]
[Date "2022.07.02"]
[Round "3.8"]
[White "Niedermaier, Peter"]
[Black "Gil, Artur"]
[Result "0-1"]
[WhiteElo "1760"]
[BlackElo "1933"]
[PlyCount "130"]
[EventDate "2022.07.02"]
[SourceVersionDate "2022.07.04"]

1. e4 e5 2. Nf3 Nc6 3. Bb5 Nf6 4. O-O Nxe4 5. Re1 Nd6 6. Nxe5 Be7 7. Nxc6 dxc6
8. Ba4 O-O 9. c3 Bf5 10. d4 Bf6 11. Nd2 Re8 12. Nf3 Bg4 13. Rxe8+ Qxe8 14. h3
Bxf3 15. Qxf3 Qe1+ 16. Kh2 Re8 17. Bd1 Nc4 18. g3 Qf1 19. Be3 Nxb2 20. Rb1 Nxd1
21. Qxd1 Qxd1 22. Rxd1 h5 23. Rb1 b6 24. Rb3 Re4 25. Kg2 Be7 26. Kf3 f5 27. h4
Kf7 28. Ke2 Bd6 29. Kd3 Re8 30. a4 a6 31. c4 Rd8 32. Kc3 Be7 33. c5 b5 34. axb5
cxb5 35. Ra3 Ra8 36. Bf4 c6 37. Ra2 Bf6 38. Be3 Ke6 39. Kd3 Kd5 40. Ra5 Bd8 41.
Ra2 a5 42. Bd2 Bc7 43. Ra1 a4 44. Re1 a3 45. Bc3 a2 46. Ba1 Ra3+ 47. Kc2 Rf3
48. Re2 b4 49. Kb2 Kxd4 50. Kxa2+ Kxc5 51. Bxg7 Kb5 52. Bd4 c5 53. Be3 f4 54.
gxf4 Bxf4 55. Re1 Bxe3 56. fxe3 Rf2+ 57. Kb1 c4 58. e4 Rf6 59. e5 Re6 60. Rg1
Kc5 61. Rg5 Kd4 62. Rxh5 Rxe5 63. Rh8 Kc3 64. h5 Re1+ 65. Ka2 b3+ 0-1

[Event "Oberbayerische EM Rosenheim"]
[Site "?"]
[Date "2022.07.02"]
[Round "3.9"]
[White "Maillinger, Michael"]
[Black "Gnegel, Boris Igor"]
[Result "1/2-1/2"]
[WhiteElo "1704"]
[BlackElo "1944"]
[PlyCount "20"]
[EventDate "2022.07.02"]
[SourceVersionDate "2022.07.04"]

{[%evp 0,20,31,14,46,45,77,84,76,33,67,56,67,-5,23,23,5,5,91,-10,44,38,52]} 1.
e4 c5 2. Nf3 Nf6 3. e5 Nd5 4. c4 Nb6 5. Nc3 Nc6 6. Ne4 Qc7 7. Nxc5 Nxe5 8. d4
e6 9. Bf4 Nxf3+ 10. Qxf3 Bd6 1/2-1/2

[Event "Oberbayerische EM Rosenheim"]
[Site "?"]
[Date "2022.07.02"]
[Round "3.10"]
[White "Mazatis, Benjamin"]
[Black "Mayr, Günter"]
[Result "1/2-1/2"]
[WhiteElo "1700"]
[BlackElo "1861"]
[PlyCount "67"]
[EventDate "2022.07.02"]
[SourceVersionDate "2022.07.04"]

1. d4 d5 2. c4 c6 3. Nc3 dxc4 4. e3 b5 5. a4 b4 6. Ne4 Qd5 7. Nd2 Ba6 8. Ngf3
c3 9. Nb1 Bxf1 10. Kxf1 cxb2 11. Bxb2 a5 12. Qc2 Nf6 13. Nbd2 e6 14. e4 Qd7 15.
Ne5 Qb7 16. Rc1 Be7 17. Nxc6 Nxc6 18. Qxc6+ Qxc6 19. Rxc6 Kd7 20. Rc1 Rhc8 21.
Ke2 g6 22. f3 Ne8 23. Nc4 Bd8 24. Ne5+ Ke7 25. Nc6+ Kd6 26. Nxd8 Rxd8 27. Rc5
Rdc8 28. Rhc1 Rxc5 29. Rxc5 Ra6 30. Kd3 Nc7 31. Kc4 Rc6 32. Ba1 Rxc5+ 33. dxc5+
Kd7 34. Bd4 1/2-1/2

[Event "Oberbayerische EM Rosenheim"]
[Site "?"]
[Date "2022.07.02"]
[Round "3.11"]
[White "Haselbeck, Franz"]
[Black "Racky, Selina"]
[Result "1-0"]
[WhiteElo "1864"]
[BlackElo "1555"]
[PlyCount "151"]
[EventDate "2022.07.02"]
[SourceVersionDate "2022.07.04"]

1. Nf3 d5 2. g3 Nf6 3. Bg2 c6 4. O-O g6 5. d3 Bg7 6. Nbd2 Nbd7 7. e4 dxe4 8.
dxe4 Qc7 9. Qe2 e5 10. b3 Nb6 11. Bb2 Nfd7 12. Rad1 O-O 13. a4 a5 14. Nc4 Nxc4
15. Qxc4 b6 16. Rfe1 Ba6 17. Qc3 Rfe8 18. Ba3 c5 19. Nd2 Nb8 20. Nc4 Nc6 21.
Ne3 Nd4 22. Nd5 Qc6 23. Bf1 Bxf1 24. Kxf1 Ra7 25. Qd3 Qe6 26. Kg2 Qc6 27. c4
Rd7 28. Bb2 Qe6 29. Bxd4 exd4 30. f4 f6 31. Re2 Qc6 32. Rde1 Rd6 33. Qf3 Qd7
34. h3 Qf7 35. Qg4 Rc6 36. Qf3 Rd6 37. g4 Qd7 38. Qg3 Bf8 39. e5 Qf7 40. Nxf6+
Rxf6 41. exf6 Rxe2+ 42. Rxe2 Qxf6 43. Qf3 Qd6 44. Re5 Qc7 45. Qd5+ Kg7 46. Kf3
Bd6 47. Re4 Bf8 48. Qe5+ Qxe5 49. Rxe5 Kf6 50. g5+ Kf7 51. Ke4 h6 52. h4 h5 53.
Rd5 Ke6 54. Rd8 Bd6 55. Rg8 Kf7 56. Ra8 Ke6 57. Ra7 d3 58. Kxd3 Bxf4 59. Rb7
Bg3 60. Rxb6+ Kf5 61. Rf6+ Kg4 62. Rxg6 Bxh4 63. Ke3 Kf5 64. Rd6 Bxg5+ 65. Kf3
Be7 66. Rd5+ Kg6 67. Kf4 h4 68. Kg4 Kf7 69. Rd7 Ke6 70. Rd5 Bd6 71. Kxh4 Kd7
72. Kg4 Kc6 73. Kf5 Bg3 74. Ke6 Be1 75. Rd3 Kb7 76. Kd5 1-0

[Event "Oberbayerische EM Rosenheim"]
[Site "?"]
[Date "2022.07.02"]
[Round "3.12"]
[White "Boos, Michael"]
[Black "Stang, Wolfgang"]
[Result "1-0"]
[WhiteElo "1795"]
[BlackElo "1827"]
[PlyCount "51"]
[EventDate "2022.07.02"]
[SourceVersionDate "2022.07.04"]

{[%evp 0,51,16,28,75,85,74,75,87,28,29,22,122,-14,95,3,86,39,59,39,39,42,42,34,
17,-26,50,-38,59,69,69,36,50,127,142,86,192,139,164,138,138,131,120,82,83,74,
140,148,213,223,213,205,374,394]} 1. e4 d6 2. d4 Nf6 3. Nc3 g6 4. f4 Bg7 5. e5
Ng4 6. Bc4 c6 7. e6 d5 8. exf7+ Kxf7 9. Be2 Nh6 10. Nf3 Rf8 11. Ne5+ Kg8 12. h4
Nd7 13. h5 Nxe5 14. fxe5 Qe8 15. g4 gxh5 16. Rxh5 Qf7 17. Be3 Qg6 18. Rg5 Qe6
19. Qd3 Nf7 20. Rh5 Qg6 21. O-O-O Qxd3 22. Bxd3 h6 23. Rg1 Ng5 24. Bxg5 hxg5
25. Rxg5 Rf4 26. Ne2 1-0

[Event "Oberbayerische EM Rosenheim"]
[Site "?"]
[Date "2022.07.03"]
[Round "4.1"]
[White "Kobl, Rudolf"]
[Black "Niedermeier, Thomas"]
[Result "0-1"]
[WhiteElo "2127"]
[BlackElo "2134"]
[PlyCount "72"]
[EventDate "2022.07.02"]
[SourceVersionDate "2022.07.04"]

{[%evp 0,72,19,28,72,69,106,72,86,37,37,37,97,63,66,29,46,31,26,28,43,43,43,51,
72,18,39,38,30,48,109,-16,18,-58,-9,13,16,3,3,-30,7,-25,-16,-87,-79,-85,-45,
-48,-58,-131,-157,-137,-130,-194,-204,-204,-246,-246,-159,-276,-245,-577,-586,
-586,-822,-822,-863,-1309,-2216,-29985,-29986,-29987,-29988,-29989,-29990]} 1.
e4 c5 2. Nf3 d6 3. d4 cxd4 4. Nxd4 Nf6 5. Nc3 g6 6. Be3 Bg7 7. f3 Nc6 8. Qd2
O-O 9. O-O-O d5 10. exd5 Nxd5 11. Nxc6 bxc6 12. Bd4 e5 13. Bc5 Be6 14. Ne4 Qc7
15. Bc4 Rfd8 16. Qf2 h6 17. g4 Nf4 18. Bxe6 Nxe6 19. h4 Rd5 20. Be3 Rb8 21. Nc3
Ra5 22. Rd3 Qb7 23. b3 Qb4 24. a4 Nf4 25. Bxf4 exf4 26. Qe1 Re5 27. Qd2 Re3 28.
Nb1 Qe7 29. Rd1 Qe5 30. Rd8+ Kh7 31. Qd6 Qb2+ 32. Kd2 Rbxb3 33. Qxc6 Rbc3 34.
Nxc3 Bxc3+ 35. Qxc3 Qxc3+ 36. Kc1 Re2 0-1

[Event "Oberbayerische EM Rosenheim"]
[Site "?"]
[Date "2022.07.03"]
[Round "4.2"]
[White "Frese, Daniel"]
[Black "Straub, Jürgen"]
[Result "0-1"]
[WhiteElo "2011"]
[BlackElo "2100"]
[PlyCount "79"]
[EventDate "2022.07.02"]
[SourceVersionDate "2022.07.04"]

1. e4 e6 2. d4 d5 3. Nd2 c5 4. Ngf3 cxd4 5. exd5 Qxd5 6. Bc4 Qd6 7. O-O Nf6 8.
Nb3 Nc6 9. Nbxd4 Nxd4 10. Nxd4 a6 11. c3 Bd7 12. Qe2 Qc7 13. Bg5 O-O-O 14. a4
Bd6 15. Nf3 Bc6 16. Nd4 Bxh2+ 17. Kh1 Rxd4 18. cxd4 Bf4 19. Bxe6+ fxe6 20.
Qxe6+ Bd7 21. Bxf4 Bxe6 22. Bxc7 Kxc7 23. Rfe1 Kd7 24. Ra3 Nd5 25. Rc1 a5 26.
Rb3 b6 27. Rd3 g5 28. f3 h5 29. Rd2 Kd6 30. Re2 Bd7 31. Re5 g4 32. b3 Nf4 33.
Rc3 Rh7 34. Kh2 Ne6 35. Rf5 Nxd4 36. Rf6+ Ne6 37. fxg4 hxg4+ 38. Kg3 Ke5 39.
Rf1 Nc5 40. Re3+ 0-1

[Event "Oberbayerische EM Rosenheim"]
[Site "?"]
[Date "2022.07.03"]
[Round "4.3"]
[White "Gil, Artur"]
[Black "Koppen, Harald"]
[Result "0-1"]
[WhiteElo "1933"]
[BlackElo "2017"]
[PlyCount "61"]
[EventDate "2022.07.02"]
[SourceVersionDate "2022.07.04"]

1. d4 Nf6 2. Nf3 g6 3. c4 c5 4. d5 e6 5. dxe6 fxe6 6. Nc3 Nc6 7. e4 d6 8. Be2
Be7 9. O-O O-O 10. Bh6 Re8 11. h3 a6 12. Re1 e5 13. Bf1 Nd4 14. Rb1 a5 15. Qd3
Nh5 16. Nd5 Bf8 17. Bg5 Nxf3+ 18. Qxf3 Qxg5 19. Nc7 Bd7 20. Nxa8 Rxa8 21. a3 a4
22. b4 axb3 23. Rxb3 Bc6 24. g3 Ng7 25. h4 Qe7 26. Bh3 Ra4 27. Qg4 Rxc4 28. Rf3
Ra4 29. Qc8 Qe8 30. Qc7 Rxe4 31. Qxc6 0-1

[Event "Oberbayerische EM Rosenheim"]
[Site "?"]
[Date "2022.07.03"]
[Round "4.4"]
[White "Sandner, Michael"]
[Black "Kassner, Sascha"]
[Result "0-1"]
[WhiteElo "2003"]
[BlackElo "1919"]
[PlyCount "66"]
[EventDate "2022.07.02"]
[SourceVersionDate "2022.07.04"]

1. e4 d5 2. exd5 Nf6 3. Bb5+ Bd7 4. Be2 Nxd5 5. d4 e6 6. Nf3 c5 7. c4 Nf6 8. d5
exd5 9. cxd5 Bd6 10. Bg5 O-O 11. O-O h6 12. Bh4 Bf5 13. Nc3 Nbd7 14. a4 a6 15.
a5 Qc7 16. Re1 Rfe8 17. Bg3 Ne4 18. Bxd6 Nxd6 19. Qa4 Rad8 20. Bf1 Nf6 21. Nd2
Bg6 22. g3 Nf5 23. Bg2 Nd4 24. Rac1 Rxe1+ 25. Rxe1 Nc2 26. Rc1 Nb4 27. Nce4
Nxe4 28. Nxe4 Bxe4 29. Bxe4 Qe5 30. Bf3 Nd3 31. Rc3 Qe1+ 32. Kg2 Qxf2+ 33. Kh3
Qxf3 0-1

[Event "Oberbayerische EM Rosenheim"]
[Site "?"]
[Date "2022.07.03"]
[Round "4.5"]
[White "Donegani, Peter"]
[Black "Stichter, Constantin Paul"]
[Result "1/2-1/2"]
[WhiteElo "1969"]
[BlackElo "1846"]
[PlyCount "31"]
[EventDate "2022.07.02"]
[SourceVersionDate "2022.07.04"]

1. e4 c5 2. Nf3 e6 3. d4 cxd4 4. Nxd4 a6 5. Nc3 Qc7 6. Be2 Nf6 7. O-O d6 8. Be3
Nbd7 9. f4 Be7 10. g4 h6 11. Bf3 Nb6 12. Kh1 Nc4 13. Bc1 Bd7 14. Qd3 Rc8 15.
Nde2 b5 16. b3 1/2-1/2

[Event "Oberbayerische EM Rosenheim"]
[Site "?"]
[Date "2022.07.03"]
[Round "4.6"]
[White "Höller, Armin"]
[Black "Bergerhoff, Andreas"]
[Result "1/2-1/2"]
[WhiteElo "2083"]
[BlackElo "2002"]
[PlyCount "116"]
[EventDate "2022.07.02"]
[SourceVersionDate "2022.07.04"]

1. c4 c5 2. g3 Nc6 3. Bg2 g6 4. Nc3 Bg7 5. Nf3 e5 6. d3 Nge7 7. O-O d6 8. Rb1
f5 9. Bd2 Be6 10. a3 h6 11. e3 O-O 12. b4 Qd7 13. b5 Nd8 14. Ne1 e4 15. Qe2 d5
16. cxd5 Nxd5 17. Na4 exd3 18. Qxd3 c4 19. Qc2 Qe7 20. Nc3 Nf6 21. Ne2 Re8 22.
Nd4 Bf7 23. Bb4 Qd7 24. a4 Nd5 25. Ba3 Nxe3 26. fxe3 Rxe3 27. Nxf5 gxf5 28. Bc5
Rc3 29. Rd1 Rxc2 30. Rxd7 Rc1 31. Be7 Ne6 32. Bxb7 Nf8 33. Bxf8 Rxf8 34. Bd5 c3
35. Rxf7 Rxf7 36. Kf2 Kf8 37. Bxf7 Kxf7 38. Ke2 Ke6 39. Rf3 Ra1 40. Rf4 Ra2+
41. Kd1 Rd2+ 42. Kc1 Bf8 43. Nc2 Rxh2 44. Kb1 Bd6 45. Rc4 Be5 46. a5 Rh1+ 47.
Ka2 Rc1 48. Ne3 Bxg3 49. a6 Bb8 50. Rc8 f4 51. Rxb8 fxe3 52. Re8+ Kd7 53. Rxe3
c2 54. Kb2 Rb1+ 55. Kxc2 Rxb5 56. Rf3 Ke7 57. Rc3 Kd6 58. Rf3 Ke7 1/2-1/2

[Event "Oberbayerische EM Rosenheim"]
[Site "?"]
[Date "2022.07.03"]
[Round "4.7"]
[White "Zeindlmeier, Thomas"]
[Black "Sperber, Ulrich"]
[Result "1/2-1/2"]
[WhiteElo "1946"]
[BlackElo "1874"]
[PlyCount "45"]
[EventDate "2022.07.02"]
[SourceVersionDate "2022.07.04"]

{[%evp 0,45,19,21,63,66,59,27,49,30,79,20,32,25,16,8,29,29,41,-1,13,-25,-25,
-25,-1,-39,-35,-45,-7,-2,-6,-22,-33,-12,-35,-25,-35,-34,-25,-25,-20,-20,0,0,21,
27,51,0]} 1. e4 c6 2. d4 d5 3. f3 Qb6 4. Nc3 dxe4 5. fxe4 e5 6. Nf3 exd4 7.
Qxd4 Qxd4 8. Nxd4 Bc5 9. Be3 Nd7 10. Bc4 Ngf6 11. O-O-O Ne5 12. Bb3 Bg4 13. Rd2
O-O 14. h3 Bh5 15. Bg5 Rfd8 16. Nf5 Rxd2 17. Kxd2 Nfd7 18. Be3 Rd8 19. Bxc5
Nxc5+ 20. Ke3 Nxb3 21. axb3 f6 22. Ra1 a6 23. g4 1/2-1/2

[Event "Oberbayerische EM Rosenheim"]
[Site "?"]
[Date "2022.07.03"]
[Round "4.8"]
[White "Stocker, Rupert"]
[Black "Maillinger, Michael"]
[Result "1-0"]
[WhiteElo "2024"]
[BlackElo "1704"]
[PlyCount "81"]
[EventDate "2022.07.02"]
[SourceVersionDate "2022.07.04"]

{[%evp 0,81,19,-12,-9,-30,-11,-24,32,42,33,1,55,34,62,32,29,21,35,18,18,18,141,
60,70,72,72,64,103,27,103,40,109,18,85,124,130,75,116,76,115,115,132,132,132,
124,124,113,104,104,115,143,115,111,135,132,145,143,164,156,156,162,170,167,
210,216,322,333,345,346,423,423,423,431,439,425,1643,1933,29983,29984,29989,
29990,29997,29998]} 1. c4 e6 2. g3 d5 3. Bg2 f5 4. Nf3 Nf6 5. O-O Bd6 6. Qc2 c6
7. d3 O-O 8. Nc3 Nbd7 9. e4 fxe4 10. dxe4 Bb4 11. e5 Bxc3 12. Qxc3 Ne4 13. Qc2
b6 14. h4 Ba6 15. b3 c5 16. Ng5 Nxg5 17. Bxg5 Qe8 18. Bf4 Qf7 19. Rfd1 Bb7 20.
Qd2 Rad8 21. cxd5 Bxd5 22. Bxd5 exd5 23. Qxd5 Qxd5 24. Rxd5 Nb8 25. Rad1 Nc6
26. Kg2 Nd4 27. Rxd8 Rxd8 28. Be3 Nc6 29. Rxd8+ Nxd8 30. Kf3 Kf7 31. Ke4 Ke6
32. f4 g6 33. g4 Nc6 34. f5+ gxf5+ 35. gxf5+ Kd7 36. a3 Na5 37. Kd5 Nxb3 38.
e6+ Ke8 39. f6 Na5 40. f7+ Kf8 41. Bh6+ 1-0

[Event "Oberbayerische EM Rosenheim"]
[Site "?"]
[Date "2022.07.03"]
[Round "4.9"]
[White "Gnegel, Boris Igor"]
[Black "Boos, Michael"]
[Result "1/2-1/2"]
[WhiteElo "1944"]
[BlackElo "1795"]
[PlyCount "59"]
[EventDate "2022.07.02"]
[SourceVersionDate "2022.07.04"]

1. Nf3 Nf6 2. g3 g6 3. b4 Bg7 4. Bb2 d6 5. Bg2 e5 6. c4 O-O 7. d3 Nc6 8. b5 Ne7
9. O-O Bd7 10. Nc3 Qc8 11. Re1 Bh3 12. Bh1 Nd7 13. e3 Bf5 14. d4 Bg4 15. Ne2 h6
16. Qb3 Kh7 17. Rac1 e4 18. Nd2 f5 19. Nf4 Nf6 20. h3 Bh5 21. d5 Rg8 22. Ne6
Bh8 23. Kh2 c5 24. Nf4 Qe8 {Remisangebot} 25. Rg1 g5 26. Ne6 Qf7 27. f3 exf3
28. Bxf3 Bxf3 29. Nxf3 Qh5 30. Bxf6 1/2-1/2

[Event "Oberbayerische EM Rosenheim"]
[Site "?"]
[Date "2022.07.03"]
[Round "4.10"]
[White "Mazatis, Benjamin"]
[Black "Haselbeck, Franz"]
[Result "1/2-1/2"]
[WhiteElo "1700"]
[BlackElo "1864"]
[PlyCount "80"]
[EventDate "2022.07.02"]
[SourceVersionDate "2022.07.04"]

{[%evp 0,80,19,31,66,52,65,41,45,82,82,81,85,84,131,25,35,61,64,59,59,52,41,42,
50,42,61,60,66,-46,72,115,126,107,96,109,110,101,68,79,107,69,79,71,71,70,77,
77,96,96,104,115,115,137,139,14,19,43,37,43,43,45,53,50,61,49,52,56,47,58,64,
61,182,60,53,53,53,51,53,56,56,56,73]} 1. d4 c5 2. d5 Nf6 3. c4 e6 4. Nc3 exd5
5. cxd5 d6 6. Nf3 g6 7. Nd2 a6 8. a4 Nbd7 9. e4 Bg7 10. Be2 O-O 11. O-O Qe7 12.
Re1 g5 13. Nc4 h6 14. f4 gxf4 15. Bxf4 Nxe4 16. Nxe4 Qxe4 17. Bxd6 Bd4+ 18. Kh1
Re8 19. Bf3 Qxe1+ 20. Qxe1 Rxe1+ 21. Rxe1 b5 22. Re8+ Kg7 23. Bg4 Nf6 24. Rxc8
Rxc8 25. Bxc8 bxc4 26. Bxa6 Ne4 27. Bg3 Nxg3+ 28. hxg3 Bxb2 29. Bxc4 Bc3 30.
Kg1 Kf6 31. d6 Ba5 32. Kf2 Ke5 33. d7 f6 34. Ke3 Bb6 35. Kd3 Kf5 36. Ke3 Bc7
37. Be2 Ke6 38. Bb5 Kd5 39. Kd3 Bb6 40. Bc4+ Ke5 1/2-1/2

[Event "Oberbayerische EM Rosenheim"]
[Site "?"]
[Date "2022.07.03"]
[Round "4.11"]
[White "Mayr, Günter"]
[Black "Niedermaier, Peter"]
[Result "1-0"]
[WhiteElo "1861"]
[BlackElo "1760"]
[PlyCount "69"]
[EventDate "2022.07.02"]
[SourceVersionDate "2022.07.04"]

1. e4 c5 2. Nf3 d6 3. d4 cxd4 4. Nxd4 Nf6 5. Nc3 a6 6. Be2 e5 7. Nb3 Nc6 8. Be3
Be7 9. Qd2 h6 10. f3 b5 11. O-O-O Na5 12. g4 Nxb3+ 13. axb3 Bb7 14. h4 Qa5 15.
Kb1 Qc7 16. g5 hxg5 17. hxg5 Rxh1 18. Rxh1 Nd7 19. Nd5 Bxd5 20. Qxd5 Rc8 21.
Qd2 Nf8 22. Rh8 Qc6 23. Bd3 Rd8 24. Qg2 Kd7 25. Qg4+ Kc7 26. Qf5 Qe8 27. f4 g6
28. Qg4 exf4 29. Qxf4 Rd7 30. e5 dxe5 31. Qxe5+ Kc8 32. Bf4 Rd6 33. Be4 Rd1+
34. Ka2 Qd8 35. Qc3+ 1-0